000 00508nam a2200181Ia 4500
999 _c14768
_d14768
003 OSt
005 20201020123152.0
008 190216s9999||||xx |||||||||||||| ||und||
020 _a9780195692389
040 _coclc
082 _a891.43913
_bRUS/G
100 _aRussell, Ralph
_95400
245 0 _aGhalib /
_cRalph Russell
260 _bOxford University Press ,
_c2003.
_aNew Delhi:
300 _a572p
650 _aEnglish
942 _cBK
_2ddc
_h891.43913
_iRUS/G
_k891.43913
_mRUS/G